Normal view
MARC view
- علم الصرف - النحو
Entry Topical Term
001 - CONTROL NUMBER
- control field: 8707
003 - CONTROL NUMBER IDENTIFIER
- control field: JO-AjAnu
005 - DATE AND TIME OF LATEST TRANSACTION
- control field: 20230606071713.0
008 - FIXED-LENGTH DATA ELEMENTS
- fixed length control field: 230606|| aca||aabn | a|a d
040 ## - CATALOGING SOURCE
- Original cataloging agency: JO-AjAnu
- Transcribing agency: JO-AjAnu
150 ## - HEADING--TOPICAL TERM
- Topical term or geographic name entry element: علم الصرف - النحو
670 ## - SOURCE DATA FOUND
- Source citation: Work cat.: (JO-AjAnu)4494: تاليف الميداني، أحمد بن محمد، م.مشارك الزمخشري، ابن هشام؛ تحقيق لجنة احياء التراث العربي, author 8706, كتاب نزهة الطرف في علم الصرف: ويليه الأنموذج في النحو: وفي آخره الإعراب في قواعد الإعراب